00651nam a22001815i 450000100060000000300090000600500170001500700030003200800410003504000200007610000290009624501120012526000620023730000270029950000350032665000250036185200830038654340ES-MaACL20230906162935.0t|960717s1881 sp ||||1| spa d aCAM bspa cCAM1 aFola Igurbide, Apolinar.10aInvestigaciones filosófico-matemáticas sobre las cantidades imaginarias / cpor Apolinar Fola Igurbide. aValencia : b[s.n.], c1881 (fImprenta de Manuel Alufre) a166, [2] p. ; c25 cm. aEn la cub.: Primera sección. 4aNúmeros complejos. aES-MaACLjT-828-F-2 z.- Enc. en un vol. facticio conservando la enc. original